| 000 | 00889nas a2200301 4500 | ||
|---|---|---|---|
| 001 | BR2016000417 | ||
| 003 | BR-BrBNA | ||
| 005 | 20231205130048.0 | ||
| 007 | ta | ||
| 008 | 230509b bl.|||p| |||| 00| 00por d | ||
| 040 |
_aBR-BrBNA _bpor _cBiblioteca Nacional de Agricultura |
||
| 041 | _a(En) | ||
| 072 | _aE12; E50 | ||
| 100 | 1 | _aCarvalho, C.C.S. | |
| 100 | 1 | _aSousa, C. de P. | |
| 100 | 1 | _aTinoco, I. de F.F. | |
| 100 | 1 | _aSantos, L.V. | |
| 100 | 1 | _aMinette, L.I. | |
| 100 | 1 | _aSilva, E.P. da | |
| 245 | 1 | _aActivities and ergonomics of workers in broiler hatcheries | |
| 650 | _aTRABALHADOR RURAL | ||
| 650 | _aCRIAÇÃO | ||
| 650 | _aGALINHA | ||
| 650 | _aERGONOMIA | ||
| 773 | 0 |
_tBrazilian Journal of Poultry Science (Brazil) _xISSN 1516-635X _g(Apr-Jun 2015), v. 17(2) p. 123-136 _wBR2016000417 |
|
| 909 |
_a202311 _bLúcia _c55 _dLúcia Elande |
||
| 942 |
_2AGRIS _n0 _cANA |
||
| 999 |
_c247706 _d247706 |
||